|
|
|
|
| LEADER |
01359nam a22003614a 4500 |
| 001 |
EBC3000170 |
| 003 |
MiAaPQ |
| 005 |
20200520144314.0 |
| 006 |
m o d | |
| 007 |
cr cn||||||||| |
| 008 |
991126s2000 ctua sb 001 0 eng |
| 010 |
|
|
|z 99059831
|
| 020 |
|
|
|z 1567202608 (alk. paper)
|
| 035 |
|
|
|a (MiAaPQ)EBC3000170
|
| 035 |
|
|
|a (Au-PeEL)EBL3000170
|
| 035 |
|
|
|a (CaPaEBR)ebr5004825
|
| 035 |
|
|
|a (OCoLC)847856764
|
| 040 |
|
|
|a MiAaPQ
|c MiAaPQ
|d MiAaPQ
|
| 050 |
|
4 |
|a HD3850
|b .M56 2000
|
| 082 |
0 |
4 |
|a 338.9/25
|2 21
|
| 100 |
1 |
|
|a Miller, Russell R.,
|d 1928-
|
| 245 |
1 |
0 |
|a Doing business in newly privatized markets
|h [electronic resource] :
|b global opportunities and challenges /
|c Russell R. Miller.
|
| 260 |
|
|
|a Westport, Conn. :
|b Quorum,
|c 2000.
|
| 300 |
|
|
|a xii, 327 p. :
|b ill.
|
| 504 |
|
|
|a Includes bibliographical references (p. [313]-315) and index.
|
| 533 |
|
|
|a Electronic reproduction. Ann Arbor, MI : ProQuest, 2015. Available via World Wide Web. Access may be limited to ProQuest affiliated libraries.
|
| 650 |
|
0 |
|a Privatization.
|
| 650 |
|
0 |
|a Competition, International.
|
| 650 |
|
0 |
|a International economic relations.
|
| 650 |
|
0 |
|a Free enterprise.
|
| 655 |
|
4 |
|a Electronic books.
|
| 710 |
2 |
|
|a ProQuest (Firm)
|
| 856 |
4 |
0 |
|u https://ebookcentral.proquest.com/lib/matrademy/detail.action?docID=3000170
|z Click to View
|